000 00290 a2200109 4500
001 ART_33044
005 20260410161926.0
008 260409a
245 1 0 _aContabilidad de derivados
100 1 _aAriosti, Romina
773 0 _tLecturas
_g- NÂș 14 (ene. 2010)
_wREV19328
999 _c28178
_d28178